01603 a2200265 4500003000500000005001700005010001700022020002300039040000900062082001400071100002900085245007700114260003700191300003400228505052200262650002600784700002700810856007800837856009800915856009001013856007801103942001301181999001901194952012401213Nust20220802110410.0 a 2002191031 a0471079359 (cloth) cNust00a620.5,POO1 aPoole, Charles P.99622410aIntroduction to Nanotechnology /cCharles P. Poole, Jr., Frank J. Owens. aHoboken, NJ :bJ. Wiley,cc2003. axii, 388 p. :bill. ;c22 cm. aIntroduction to Physics of the Solid State (Page-8), Methods of Measuring Properties (Page-35), Properties of Individual Nano particles (Page-72), Carbon Nano structures (Page-103), Bulk Nana structured Materials (Page-133), Nana structured Ferromagnetic (Page-165), Optical and Vibrational Spectroscopy (Page-194), Quantum Wells, Wires, and Dots (Page-226), Self-Assembly and Catalysis (Page-257), Organic Compounds and Polymers (Page-281), Biological Materials (Page-310), Nano machines and Nano devices (Page-332). 0aNanotechnology.928261 aOwens, Frank J.996225423Book review (E-STREAMS)uhttp://www.e-streams.com/es0611/es0611_2837.html423Contributor biographical informationuhttp://www.loc.gov/catdir/bios/wiley043/2002191031.html423Publisher descriptionuhttp://www.loc.gov/catdir/description/wiley036/2002191031.html423Table of contentsuhttp://www.loc.gov/catdir/toc/wiley041/2002191031.html cREF2ddc c175520d175520 00102ddc4070aMCSbMCScREFd2016-12-12o620.5,POOpMCS30716r2016-12-08w2016-12-12yREFzAlmirah No.20, Shelf No.1